[Event "chess.com Junior Speed"]
[Site "chess.com INT"]
[Date "2020.10.04"]
[Round "3.24"]
[White "Martirosyan, Haik M."]
[Black "Nihal, Sarin"]
[Result "1-0"]
[WhiteElo "2622"]
[BlackElo "2620"]
[PlyCount "159"]
[EventDate "2020.09.11"]
[EventType "k.o. (blitz)"]
[EventRounds "4"]
[SourceTitle "The Week in Chess 1352"]
[Source "Mark Crowther"]
[SourceDate "2020.10.05"]
[SourceVersion "1"]
[SourceVersionDate "2020.10.05"]
[SourceQuality "2"]

1. d4 Nf6 2. Bg5 d5 3. Nd2 c5 4. dxc5 e6 5. e3 Bxc5 6. c3 Nc6 7. Ngf3 h6 8. Bh4
e5 9. Be2 O-O 10. O-O e4 11. Nd4 Nxd4 12. cxd4 Bd6 13. Rc1 Be6 14. Nb3 b6 15.
Bg3 Bxg3 16. hxg3 Qd6 17. Qd2 Rfc8 18. Ba6 Rxc1 19. Rxc1 h5 20. a3 Ng4 21. Qb4
Qb8 22. Be2 Qd8 23. Bxg4 Bxg4 24. Nd2 h4 25. gxh4 Qxh4 26. Rc7 Qg5 27. Nf1 Be6
28. Qd6 g6 29. Qc6 Qd8 30. Ng3 Rc8 31. Rxc8 Qxc8 32. Qxc8+ Bxc8 33. Ne2 Kf8 34.
Nc3 Be6 35. Nb5 a6 36. Nc7 a5 37. Na8 Bd7 38. Nxb6 Bc6 39. Nc8 a4 40. f3 f5 41.
fxe4 fxe4 42. Kf2 Ke8 43. Kg3 Kd8 44. Nd6 Ke7 45. Nc8+ Kd8 46. Na7 Bd7 47. Kf4
Kc7 48. Ke5 Kb6 49. Kxd5 Kxa7 50. Kxe4 Kb6 51. Ke5 Kb5 52. d5 Kc4 53. e4 Kb3
54. Kd6 Be8 55. e5 Kxb2 56. Ke7 Bb5 57. d6 Kxa3 58. e6 Kb3 59. d7 a3 60. d8=Q
a2 61. Qd4 Kc2 62. Qa1 Kb3 63. Kd6 g5 64. e7 g4 65. Kc7 Be8 66. Kd8 Bh5 67.
e8=Q Bxe8 68. Kxe8 g3 69. Kd7 Kc2 70. Kc6 Kd3 71. Qxa2 Ke3 72. Qc2 Kf4 73. Kd5
Kg5 74. Qe4 Kf6 75. Kd6 Kg5 76. Qf3 Kh4 77. Ke5 Kg5 78. Qxg3+ Kh6 79. Kf6 Kh7
80. Qg7# 1-0

[Event "chess.com Junior Speed"]
[Site "chess.com INT"]
[Date "2021.07.07"]
[Round "1.36"]
[White "Martirosyan, Haik M."]
[Black "Keymer, Vincent"]
[Result "1-0"]
[WhiteElo "2632"]
[BlackElo "2591"]
[PlyCount "85"]
[EventDate "2021.07.01"]
[EventType "k.o. (blitz)"]
[EventRounds "4"]
[SourceTitle "The Week in Chess 1392"]
[Source "Mark Crowther"]
[SourceDate "2021.07.12"]
[SourceVersion "1"]
[SourceVersionDate "2021.07.20"]
[SourceQuality "2"]

1. d4 Nf6 2. Bg5 d5 3. Bxf6 gxf6 4. e3 c5 5. dxc5 e6 6. c4 dxc4 7. Qxd8+ Kxd8
8. Bxc4 Bxc5 9. Nf3 Ke7 10. Ke2 a6 11. Rc1 Bd6 12. Nc3 f5 13. e4 fxe4 14. Nxe4
Bf4 15. Rc3 Nd7 16. g3 Bh6 17. Rd1 Bg7 18. Rc2 Rd8 19. Bb3 Nf8 20. Rc7+ Rd7 21.
Rdc1 Kd8 22. Rxd7+ Bxd7 23. Nfg5 Ke7 24. Rc7 h6 25. Nf3 Bxb2 26. Rxb7 a5 27.
Nc5 Kd6 28. Nxd7 Nxd7 29. Bxe6 Nc5 30. Rxb2 Nxe6 31. Rd2+ Ke7 32. Ne5 Rc8 33.
f4 Rc7 34. Rd5 Rc2+ 35. Kf3 Rxa2 36. Rd7+ Ke8 37. Rxf7 Rxh2 38. Ra7 Ra2 39. Ke4
Ra4+ 40. Kf5 Nd4+ 41. Kf6 Ra3 42. Re7+ Kd8 43. Rd7+ 1-0

[Event "chess.com Junior Speed"]
[Site "chess.com INT"]
[Date "2021.07.07"]
[Round "1.32"]
[White "Martirosyan, Haik M."]
[Black "Keymer, Vincent"]
[Result "1-0"]
[WhiteElo "2632"]
[BlackElo "2591"]
[PlyCount "67"]
[EventDate "2021.07.01"]
[EventType "k.o. (blitz)"]
[EventRounds "4"]
[SourceTitle "The Week in Chess 1392"]
[Source "Mark Crowther"]
[SourceDate "2021.07.12"]
[SourceVersion "1"]
[SourceVersionDate "2021.07.20"]
[SourceQuality "2"]

1. d4 Nf6 2. Bg5 e6 3. Nd2 h6 4. Bh4 d5 5. Ngf3 c5 6. c3 Nc6 7. e3 Be7 8. Bd3
b6 9. Qe2 Bb7 10. Rd1 O-O 11. O-O Qc8 12. Ne5 Re8 13. f4 a5 14. Rf3 Nd7 15.
Bxe7 Rxe7 16. Rg3 Nf6 17. Rf1 Rc7 18. f5 exf5 19. Rxf5 Qe6 20. Qf3 Nxe5 21.
Rxe5 Qd6 22. Qf4 Kf8 23. Rh3 Re8 24. Nf3 Rce7 25. g4 Bc8 26. Rxh6 Qd8 27. Rh8+
Ng8 28. Ng5 f6 29. Nh7+ Kf7 30. Ng5+ Kf8 31. Bh7 Rxe5 32. Rxg8+ Ke7 33. Rxg7+
Kd6 34. Nf7+ 1-0

[Event "chess.com Junior Speed"]
[Site "chess.com INT"]
[Date "2021.07.07"]
[Round "1.38"]
[White "Martirosyan, Haik M."]
[Black "Keymer, Vincent"]
[Result "1-0"]
[WhiteElo "2632"]
[BlackElo "2591"]
[PlyCount "113"]
[EventDate "2021.07.01"]
[EventType "k.o. (blitz)"]
[EventRounds "4"]
[SourceTitle "The Week in Chess 1392"]
[Source "Mark Crowther"]
[SourceDate "2021.07.12"]
[SourceVersion "1"]
[SourceVersionDate "2021.07.20"]
[SourceQuality "2"]

1. d4 Nf6 2. Bg5 e6 3. Nd2 c5 4. c3 h6 5. Bh4 b6 6. e4 Be7 7. Ngf3 O-O 8. Bd3
Ba6 9. Bxa6 Nxa6 10. Qe2 Nb8 11. dxc5 bxc5 12. Bxf6 Bxf6 13. e5 Be7 14. Nc4 Nc6
15. Rd1 Qc7 16. O-O f6 17. Rd3 Rad8 18. Rfd1 fxe5 19. Ncxe5 d5 20. Nxc6 Qxc6
21. Ne5 Qe8 22. c4 d4 23. Qe4 Bd6 24. Ng6 Rf6 25. Ne5 Qh5 26. Re1 Rdf8 27. Rh3
Qxe5 28. Qxe5 Bxe5 29. Rxe5 Rxf2 30. Rf3 Rxb2 31. Rxf8+ Kxf8 32. Rxc5 Rxa2 33.
Rc7 e5 34. c5 e4 35. Rd7 e3 36. Kf1 Ra4 37. c6 Ke8 38. Rxg7 Kd8 39. Rd7+ Kc8
40. g4 Ra1+ 41. Ke2 Ra2+ 42. Ke1 Rd2 43. h4 a5 44. g5 hxg5 45. hxg5 a4 46. g6
a3 47. Ra7 a2 48. g7 Rg2 49. Rxa2 Rxg7 50. Ra8+ Kc7 51. Ra7+ Kxc6 52. Rxg7 Kd5
53. Ke2 Kc4 54. Rd7 Kc5 55. Rd8 Kc6 56. Rxd4 Kc5 57. Kxe3 1-0

[Event "Calvia ol (Men)"]
[Site "Mallorca"]
[Date "2004.10.16"]
[Round "2"]
[White "McShane, Luke J"]
[Black "Cvitan, Ognjen"]
[Result "1-0"]
[WhiteElo "2629"]
[BlackElo "2532"]
[Annotator "Postny,E"]
[PlyCount "135"]
[EventDate "2004.10.15"]
[EventType "team-swiss"]
[EventRounds "14"]
[EventCountry "ESP"]
[SourceTitle "CBM 104"]
[Source "ChessBase"]
[SourceDate "2005.01.27"]
[SourceVersion "1"]
[SourceVersionDate "2005.01.27"]
[SourceQuality "1"]
[WhiteTeam "England"]
[BlackTeam "Croatia"]
[WhiteTeamCountry "ENG"]
[BlackTeamCountry "CRO"]

1. d4 Nf6 2. Bg5 Ne4 3. Bf4 c5 4. f3 Qa5+ {This check forces white to play
c2-c3, which will rob from white's queenside knight his natural developing
square.} 5. c3 Nf6 6. Nd2 ({Another theoretical line is} 6. d5 {1/2-1/2
Moiseenko,A-Volokitin,A/Kharkov 2004/CBM 103 [Postny,E] (34)}) 6... cxd4 7. Nb3
Qb6 (7... Qf5 8. Bxb8 Rxb8 9. Qxd4 b6 10. e4 Qf4 11. Nh3 Qc7 12. e5 Ng8 13.
O-O-O $36 {1/2-1/2 Nguyen,N-Ilincic,Z/Budapest 2004/CBM 102 ext (54)}) (7...
Qd8 8. Bxb8 (8. cxd4 d5 9. e3 e6 10. Bd3 Nc6 11. Ne2 Nh5 12. O-O Nxf4 13. Nxf4
Bd6 $11 {0-1 Nguyen Ngoc Truong,S-Belezky,S/Budapest 2004/CBM 98 ext (33)})
8... Rxb8 9. Qxd4 a6 10. Qa7 Qc7 11. e4 e6 12. Bxa6 Bd6 13. Bb5 Bxh2 14. Ne2 b6
15. Qxc7 Bxc7 $15 {0-1 Miladinovic,I-Georgiev,K/Skopje 2002/CBM 88 (34)}) 8.
Qxd4 (8. cxd4 {0-1 Hodgson,J-Gelfand,B/Groningen 1996/CBM 57 [Gelfand] (89)})
8... Nc6 (8... Qxd4 9. cxd4 d5 10. e3 e6 11. g4 Nc6 12. Bb5 Bd7 13. a3 $14 {
1-0 Salov,V-Akopian,V/Wijk aan Zee 1993/CBM 34 (43)}) 9. Qxb6 axb6 10. Nd4 (10.
e4 d5 $11) (10. Be3 b5 11. Nd4 Nxd4 12. Bxd4 e6 13. e4 b4 14. Bb5 bxc3 15. Bxc3
Be7 16. Ne2 O-O 17. Nf4 d6 18. a3 Rd8 19. O-O-O $14 {1-0 Miladinovic,I-Grigore,
G/Istanbul 2002/CBM 91 ext (44)}) 10... e5 ({Appeared few times in practice:} 
10... Ra5 $5) 11. Nxc6 exf4 12. Nd4 {Black has an ugly pawn structure, but
usually gets sufficient counterplay using the dark holes in white's camp.} d5 (
12... Bd6 {appeared in the game Aleksandrov,A-Kotronias,V/Istanbul 2003/CBM 96
[Finkel] (1-0,39)}) 13. e3 fxe3 14. Ke2 g6 $6 $146 {This way of development is
too slow.} (14... Bd6 15. Kxe3 O-O 16. Kf2 Bd7 17. Bd3 Bc6 18. Nge2 Nd7 19. a3
Ne5 20. Rad1 Rfe8 21. g3 g6 22. Nf4 Bc5 $132 {1/2-1/2 Rogers,I-Ftacnik,L/
Znojmo 1999/CBM 70 ext (58)}) (14... Bc5 15. Kxe3 Bd7 16. Bd3 Kd8 17. Nge2 Ne8
18. Kd2 Nc7 19. Bc2 Ne6 20. Bb3 Bc6 21. Rhe1 Re8 22. Rad1 Kc7 23. Kc1 $14 {
1/2-1/2 Depasquale,C-Chapman,M/Canberra 2000/EXT 2001 (37)}) 15. Kxe3 Bh6+ (
15... Bc5 {is probably better, but then it's clear that 14...g6 was faulty.})
16. Kf2 O-O 17. Bb5 Bd7 18. Nge2 Rfe8 19. Rhd1 {[%mdl 16] White has completed
the development and his advantage is undoubtful. Black has no real
compensation for his permanent pawn weaknesses.} Be3+ 20. Kf1 Re5 21. Bxd7 Nxd7
22. Nc2 Nf6 (22... Bc5 23. f4 Rh5 24. b4 Be7 25. h3 $16 {[%csl Rh5]}) 23. Nxe3
Rxe3 24. Nf4 Re5 25. Rd4 Kf8 26. Nd3 Re6 27. Nb4 Ra5 28. Rad1 Re5 {All pieces
are concentrated on the Pd5. Black is not losing immediatly, but he can not
hold all his queenside weaknesses in the long run.} 29. a3 h5 30. Nd3 Re6 31.
Nf4 Re5 32. Rb4 Rf5 33. Nd3 Nd7 34. Re1 Rf6 35. Nf4 Rf5 36. Nd3 Rf6 37. Rd4 Rf5
38. Nb4 {It's not so easy to achieve progress for white, so McShane is
torturing his opponent...} Rc5 39. Re2 Nf6 40. Nc2 Ne8 41. Rd3 Nc7 $2 {It's
not so surprising that black finally blundered the exchange. To play such
positions, without any counterplay is extremely difficult.} (41... Rf6 42. Ne3
Rd6 43. Red2 Nf6 44. c4 $18) {[%tqu "En","How can white win material?","","",
"b2b4","",5]} 42. b4 $1 Rc6 43. Nd4 Rff6 44. Nxc6 bxc6 45. a4 Rd6 46. Ra2 Rd8
47. a5 Rb8 48. Kf2 Nb5 49. Kg3 Nd6 50. Kf4 Ke7 51. h4 Nc4 {Black puts up a
strong resistance, but it's clear that white's win is just a matter of time
here.} 52. g4 f6 53. Rd1 Kf7 54. Re1 Rb7 55. axb6 {White does not need to keep
the passed pawn, the "a" file will be a nice road for the white rooks.} Nxb6
56. Rea1 Nc8 57. Ra8 Rc7 58. R1a6 Ke7 59. g5 fxg5+ 60. Kxg5 Kf7 61. Kf4 Ke7 62.
Ke5 Kf7 63. Kd4 Ke7 64. Kc5 Kd7 65. f4 {Black is in zugzwang and forced to
allow the following exchange of rooks.} Nd6 66. R8a7 Ne4+ 67. Kb6 Rxa7 68.
Rxa7+ (68. Rxa7+ Kd6 69. Rc7 $18) 1-0

[Event "EU-chT (Men) 15th"]
[Site "Gothenburg"]
[Date "2005.08.02"]
[Round "4.1"]
[White "McShane, Luke J"]
[Black "Damljanovic, Branko"]
[Result "1-0"]
[WhiteElo "2625"]
[BlackElo "2612"]
[Annotator "Postny,E"]
[PlyCount "67"]
[EventDate "2005.07.30"]
[EventType "team-swiss"]
[EventRounds "9"]
[EventCountry "SWE"]
[SourceTitle "CBM 109"]
[Source "ChessBase"]
[SourceDate "2005.11.14"]
[SourceVersion "1"]
[SourceVersionDate "2005.11.14"]
[SourceQuality "1"]
[WhiteTeam "England"]
[BlackTeam "Serbia & Montenegro"]
[WhiteTeamCountry "ENG"]
[BlackTeamCountry "YUG"]

1. d4 Nf6 2. Bg5 c5 3. Bxf6 {This exchange always leads to a strategically
unbalanced position.} gxf6 4. d5 Qb6 5. Qc1 f5 (5... Bg7 6. g3 d6 7. Bg2 f5 8.
c3 {- see the annotated game Lakdawala,C-Nakamura,H/San Diego 2004/CBM 105 
[Postny,E]}) (5... Na6 6. c4 f5 7. Nc3 Bg7 8. Nf3 O-O 9. e3 e5 10. Be2 Qh6 11.
Qd2 d6 12. O-O-O Nc7 $132 {0-1 Comas Fabrego,L-Khenkin,I/Andorra 2004/CBM 101
ext (68)}) 6. c4 (6. g3 Bg7 7. c3 Na6 8. Bg2 Nc7 9. Nh3 O-O 10. Qc2 Qh6 11. Nf4
e5 12. dxe6 fxe6 13. Nd2 d5 14. Rd1 b5 15. O-O c4 $15 {0-1 Cebalo,M-Zelcic,R/
Rabac 2004/CBM 102 ext (49)}) 6... Bg7 7. Nc3 d6 {Black's play is based mainly
on the dark squares, using the absence of White's antagonist. White, from his
side. will try to make use of Black's damaged pawn structure.} (7... e6 8. e3
Na6 9. Bd3 d6 10. a3 Bd7 11. Nge2 O-O-O 12. Qd2 Kb8 13. O-O Rdg8 14. Rab1 Bf6
15. e4 fxe4 16. Bxe4 Rg4 17. Qd3 Be7 18. f4 Nc7 {1/2-1/2 Wells,P-Nakamura,H/
Port Erin 2004/CBM 102 ext (18)}) 8. e3 Nd7 9. Qc2 Ne5 (9... Qa5 10. Nf3 b5 11.
cxb5 Nb6 12. Nd2 a6 (12... Bb7 13. Nb3 Qb4 14. a3 {1-0 McShane,L-Sutovsky,E/
Rethymnon 2003/CBM 098 [Finkel] (36)}) 13. Nc4 Nxc4 14. Bxc4 Rb8 15. O-O axb5
16. Bd3 c4 17. Bxf5 b4 18. Nd1 Ba6 19. Rb1 Qxd5 $15 {1/2-1/2 Kovacevic,
B-Fedorov,A/Warsaw POL 2005/The Week in Chess 555 (44)}) (9... Nf6 10. Bd3 e6
11. Nge2 Bd7 12. a3 h5 13. Rb1 Qc7 14. O-O Ng4 15. h3 Ne5 16. f4 Nxd3 17. Qxd3
O-O-O 18. b4 $14 {1-0 Manninen,M-Paronen,P/Jyvaskyla 2002/EXT 2004 (29)}) 10.
Nh3 $146 (10. Be2 h5 11. Rb1 Bd7 12. Nh3 h4 13. O-O Qc7 14. a3 a6 15. Nf4 $13 {
1/2-1/2 Gerstner,W-Acs,P/Germany 2004/CBM 100 ext (60)}) 10... h5 {The purpose
of this push is to prevent the manoeuvre Nh3-f4-h5. In some cases the kingside
rook might be developed to the 6th rank via h6.} 11. Be2 Bd7 12. O-O h4 13. a3
Rh6 (13... O-O-O $6 14. Rfb1 $36 {[%cal Gb2b4]}) 14. Rab1 {Preparing b2-b4.
Now, if Black's castling queenside, he may find himself under dangerous attack.
Therefore, Black's next move is understandable.} Kf8 15. Rbe1 {McShane decided
to switch his plan, clearly indicating that the black king is his main target
in this game...} Kg8 16. f4 Ng4 17. Bd3 {[%csl Rf5]} e6 18. Re2 ({The immediate
} 18. Kh1 {[%cal Ge3e4] was possible as well.}) 18... Rf8 19. Kh1 {Moving the
king out of the diagonal a7-g1, which is obviously useful for White
considering the forthcoming e3-e4 advance.} Qd8 {The queen had nothing to do
on b6 anymore.} 20. e4 {White made all necessary preparations, so it's time
for the strike in the centre.} Bxc3 $6 {Quite a risky exchange of Black's key
defender.} (20... fxe4 21. Nxe4 exd5 22. cxd5 Nf6 $13) 21. Qxc3 fxe4 22. Bxe4
Nf6 23. Rfe1 $6 (23. dxe6 Nxe4 24. exf7+ Rxf7 25. Rxe4 Bc6 26. Re2 Qf6 {
and Black's strong bishop provides him a reasonable compensation for the pawn.}
) (23. Nf2 $5 {might be an improvement for white.}) 23... exd5 24. Bxd5 Nxd5
25. cxd5 Qf6 26. Qf3 {Correctly avoiding the exchange of queens. In the
middlegame white has chances to create threats against black's vulnerable king.
} Bxh3 27. gxh3 $1 {Opening the g-file.} (27. Qxh3 $6 Qxf4) 27... Rg6 28. f5
Rg7 29. Re4 b5 $2 {The plan of advancing the queenside pawns is too slow. It
was necessary to create the immediate counterplay by simply capturing the Pb2.}
(29... Qxb2 30. f6 Rg6 {Looks extremely dangerous for black, however the
concrete variations yield White no more than a draw:} 31. Rg4 (31. Rg1 Rxg1+
32. Kxg1 Qc1+ 33. Kg2 Qd2+ $11) 31... Qc2 32. Reg1 {[%cal Gg4g2]} c4 $8 33. Qf4
Qd3 34. Qh6 Qxd5+ 35. R1g2 Qd1+ 36. Rg1 Qf3+ $11) 30. Rg4 Rd8 31. Qf4 c4 32.
Rxh4 Qxb2 $2 {A clear tactical oversight, but black's position is very tough
already.} (32... Rg5 $2 33. Qxg5+ Qxg5 34. Rg4 f6 35. Rxg5+ fxg5 36. Re6 $18) (
32... a5 $16) {[%tqu "En","Can you spot a forced mate?","","","h4h8","Very
neat tactical twist.",5]} 33. Rh8+ $1 {[%mdl 64] A very neat tactical twist.}
Kxh8 34. Qh4+ (34. Qh4+ Kg8 (34... Rh7 35. Qxd8+ Kg7 36. Rg1+ Kh6 37. Qg5#) 35.
Qxd8+ Kh7 36. Qh4+ Kg8 37. Re8# {Nice geometrical work of white's queen.}) 1-0

[Event "EU-Cup 19th"]
[Site "Rethymno"]
[Date "2003.10.02"]
[Round "5.1"]
[White "McShane, Luke J"]
[Black "Sutovsky, Emil"]
[Result "1-0"]
[WhiteElo "2619"]
[BlackElo "2639"]
[Annotator "Finkel,A"]
[PlyCount "71"]
[EventDate "2003.09.28"]
[EventType "team-swiss"]
[EventRounds "7"]
[EventCountry "GRE"]
[SourceTitle "CBM 098"]
[Source "ChessBase"]
[SourceDate "2004.02.03"]
[SourceVersion "1"]
[SourceVersionDate "2004.02.03"]
[SourceQuality "1"]
[WhiteTeam "Werder Bremen"]
[BlackTeam "Lipovec"]
[WhiteTeamCountry "GER"]
[BlackTeamCountry "SVK"]

1. d4 {McShane} Nf6 2. Bg5 c5 3. Bxf6 gxf6 4. d5 Qb6 5. Qc1 f5 (5... e6 {
McShane} 6. e4) 6. c4 Bg7 7. Nc3 d6 8. e3 Nd7 9. Qc2 Qa5 (9... Nf6 10. Bd3 (10.
Nf3 Ne4 11. Rc1 Nxc3 12. bxc3 e6 13. Bd3 Qd8 14. O-O O-O 15. Rfe1 b6 $13 {
Gerstner,W-Acs,P/Germany 1999}) 10... Ne4 (10... e6 11. Nge2 Bd7 12. a3 h5 13.
Rb1 Qc7 14. O-O Ng4 15. h3 Ne5 16. f4 Nxd3 17. Qxd3 O-O-O 18. b4 $36 {Manninen,
M-Paronen,P/Jyvaskyla 2002}) 11. Nge2 Nxc3 12. bxc3 {'!?' McShane.} e6 13. O-O
Qd8 {'!' McShane.} 14. dxe6 {'!' McShane.} fxe6 15. e4 O-O (15... Qg5 $5 {
McShane}) 16. exf5 exf5 17. Nf4 Qg5 $13 {Romero Holmes,A-Reinaldo Castineira,R/
Torrevieja 1997} 18. Nh3 (18. Nd5 $14 {(McShane) Romero-Reinaldo, Spain ch})) (
9... Ne5 {McShane} 10. h3 Rg8 11. f4 Ng6 12. Nf3) 10. Nf3 b5 $5 {'?!' McShane.
Emil is very active player so ...b5 is just a natural reply for him, however
more logical looked 10...Nf6 with unclear position with mutual chances.} (10...
Nf6 11. Bd3 Ne4 12. Bxe4 fxe4 13. Nd2 f5 14. O-O $13) 11. cxb5 Nb6 12. Nd2 Bb7
(12... Bxc3 13. bxc3 Nxd5 14. Rc1 Nf6 15. Be2 Bb7 16. f3 e6 17. O-O O-O 18. e4
$14) 13. Nb3 Qb4 14. a3 Bxc3+ $2 {Very bad move after which black is just a
pawn down without any compensation! McShane: 'with a draw offer'} (14... Qg4 {
'>=' McShane.} 15. h3 (15. Na5 {McShane} Bxd5 16. Nxd5 Nxd5 17. Be2 $1 Qg6 (
17... Qxg2 18. O-O-O $16 {[%csl Rd5,Rg7][%cal Yh1g1]} Bf6 (18... Rg8 19. Bc4
Nf6 20. Qxf5 $16)) 18. Bf3 e6 19. Nc4 Rd8 20. O-O-O $16) 15... Qg6 16. Na5 Bxd5
17. Nxd5 Nxd5 18. O-O-O Nb6 19. Bd3 Qf6 $132) 15. bxc3 Qa4 {[%csl Ra4]} 16. c4
$16 a6 17. Qc3 Rg8 18. bxa6 Bxa6 (18... Qxa6 {McShane}) 19. Nd2 e6 20. Rb1 (20.
dxe6 {McShane} fxe6 21. Be2 (21. Qf6 Qd7 22. Be2 Qe7 $1) 21... Ke7 $1 {[%csl
Ge7]}) 20... Nd7 (20... Rb8 {[%csl Rb8][%cal Yc3h8,Yb1b8] McShane} 21. Bd3 $16)
21. Be2 Bc8 22. dxe6 fxe6 23. Rb3 Rxg2 {'!?' McShane.} (23... Qa5 24. Qb2 $16)
24. Qh8+ Nf8 25. Bf3 Rg6 26. Bxa8 Qxa8 27. Rf1 $18 (27. f3 {McShane} Rg2) 27...
e5 (27... Kf7 {'>=' McShane.} 28. f4 {[%cal Gd2f3,Gf3g5]} (28. Qb2 Nd7 29. e4
$5 {McShane} f4 $16 (29... fxe4 30. f3 e3 31. Rxe3 $16)) 28... Bb7 29. Qb2 Bg2
30. Rb8 Qa7 31. Rg1 $18) (27... Bb7 $2 {McShane} 28. Qb2 $1 {[%csl Ra8,Gb3,Re8,
Rg6][%cal Yb3b8,Yb2g7,Yg6g7]}) 28. f4 {'!' McShane.} Be6 29. fxe5 d5 30. Rb6 $1
Ke7 (30... Kf7 $144 {McShane} 31. Rxe6 $18) (30... Qxa3 {McShane} 31. Rb8+ Kd7
32. Qxf8 $18) 31. Rxe6+ Kxe6 (31... Rxe6 {McShane} 32. Qg7+ Ke8 33. Rxf5 $18)
32. cxd5+ Kxd5 33. Rxf5 Rg1+ (33... Qxa3 {McShane} 34. Qxf8 Qxe3+ (34... Qc1+
35. Ke2 Rg2+ 36. Rf2 $18) (34... Qa1+ 35. Ke2 Qa6+ 36. Kf2 $18) (34... Rg1+ 35.
Kf2 $18) 35. Kd1 Rg1+ 36. Kc2 $18) 34. Kf2 Rd1 (34... Qa5 {McShane} 35. Qxf8 (
35. Nf3 $18) 35... Qxd2+ 36. Kxg1 $18) 35. Qg8+ Kc6 (35... Ne6 {[%csl Rd5]
[%cal Yg8g2,Yg8a8] McShane} 36. Qxa8# (36. Qg2# $144 $1)) 36. Qg2+ 1-0